[Event "FRA-ch op-C"]
[Site "Aix les Bains"]
[Date "2003.08.23"]
[Round "5"]
[White "Spurgeon, Paul"]
[Black "Perale, Arnaud"]
[Result "1-0"]
[WhiteElo "1460"]
[BlackElo "1200"]
[PlyCount "33"]
[EventDate "2003.08.19"]
[EventType "swiss"]
[EventRounds "9"]
[EventCountry "FRA"]
[SourceTitle "EXT 2004"]
[Source "ChessBase"]
[SourceDate "2003.11.25"]
[SourceVersion "1"]
[SourceVersionDate "2003.11.25"]
[SourceQuality "1"]

1. e4 d5 2. exd5 Qxd5 3. Nc3 Qa5 4. d4 Nf6 5. Bd2 c6 6. Nf3 Bg4 7. h3 Bxf3 8. Qxf3 Qb4 9. Nd5 Qxb2 10. Bc3 Qxc2 11. Nc7+ Kd8 12. Nxa8 Nd5 13. Bd2 Qb2 14. Qd1 Qxd4 15. Ba5+ b6 16. Qxd4 bxa5 17. Qxa7 1-0